Catálogo
 En Linea

Tres sombreros de copa / (Registro nro. 19101)

Detalles MARC
000 -CABECERA
campo de control de longitud fija 00845cam a2200277 a 4500
001 - NÚMERO DE CONTROL
campo de control 000019585
005 - FECHA Y HORA DE LA ÚLTIMA TRANSACCIÓN
campo de control 20200929170051.0
008 - DATOS DE LONGITUD FIJA--INFORMACIÓN GENERAL
campo de control de longitud fija 740612s1981 sp 000 d spa d
020 ## - NÚMERO INTERNACIONAL ESTÁNDAR DEL LIBRO
Número Internacional Estándar del Libro 8423915379
035 ## - NÚMERO DE CONTROL DEL SISTEMA
Número de control de sistema (OCoLC)917246
040 ## - FUENTE DE LA CATALOGACIÓN
Centro catalogador/agencia de origen DO-SdBNP
Centro/agencia transcriptor OU
Centro/agencia modificador OCoLC
-- DLC
082 ## - NÚMERO DE LA CLASIFICACIÓN DECIMAL DEWEY
Número de clasificación 862.6
Número de documento/Ítem M636tr, 1981
100 1# - ENTRADA PRINCIPAL--NOMBRE DE PERSONA
Nombre de persona Mihura, Miguel,
Fechas asociadas al nombre 1905-1977
9 (RLIN) 3535
245 10 - MENCIÓN DE TÍTULO
Título Tres sombreros de copa /
Mención de responsabilidad, etc. Miguel Mihura.
250 ## - MENCIÓN DE EDICIÓN
Mención de edición 5a ed.
260 ## - PUBLICACIÓN, DISTRIBUCIÓN, ETC.
Lugar de publicación, distribución, etc. Madrid :
Nombre del editor, distribuidor, etc. Espasa-Calpe,
Fecha de publicación, distribución, etc. 1981.
300 ## - DESCRIPCIÓN FÍSICA
Extensión 205 p. ;
Dimensiones 18 cm.
490 0# - MENCIÓN DE SERIE
Mención de serie Austral. Violeta: teatro y poesía
Designación de volumen o secuencia 1537
500 ## - NOTA GENERAL
Nota general Plays.
650 #4 - PUNTO DE ACCESO ADICIONAL DE MATERIA--TÉRMINO DE MATERIA
Término de materia o nombre geográfico como elemento de entrada Teatro español
9 (RLIN) 3071
650 #4 - PUNTO DE ACCESO ADICIONAL DE MATERIA--TÉRMINO DE MATERIA
Término de materia o nombre geográfico como elemento de entrada Literatura española
9 (RLIN) 632
700 12 - PUNTO DE ACCESO ADICIONAL--NOMBRE DE PERSONA
Título de la obra Maribel y la extraña familia.
9 (RLIN) 42007
830 #0 - PUNTO DE ACCESO ADICIONAL DE SERIE-TÍTULO UNIFORME
Título uniforme Austral.
Nombre de parte o sección de la obra Violeta: teatro y poesía;
Designación de volumen o secuencia 1537
9 (RLIN) 39559
910 ## - DATOS DE OPCIÓN DEL USUARIO (OCLC)
Datos de opción del usuario Catalogación derivada / LC
910 ## - DATOS DE OPCIÓN DEL USUARIO (OCLC)
Datos de opción del usuario WM
Existencias
Estado de retiro Estado de pérdida Restricciones de uso No para préstamo Código de colección Localización permanente Ubicación/localización actual Ubicación en estantería Fecha de adquisición Número de inventario Total de préstamos Signatura topográfica completa Código de barras Fecha visto por última vez Precio válido a partir de Tipo de ítem Koha
        Monografías: Libros y Folletos General General Depósito 30.06.2010 LF1   862.6 M636tr, 1981 19585-10 25.06.2020 25.06.2020 Préstamo en sala

Con tecnología Koha